000 00729nam a2200217 a 4500
008 051114s2005||||xo g 000 f slo d
020 _a8055110689
_q(viaz.)
_c499
040 _aSNK
_bslo
_cSNK
041 1 _aslo
_heng
044 _axo
_cSK
_cSK
072 7 _a821.111-3
_xAnglická próza, anglicky písaná
_2konspekt
080 _a821.111-31
_22001
100 1 _aArcher, Jeffrey
_d1940-
240 1 0 _aSons of fortune
_lSlovensky
245 1 0 _aSynovia šťasteny
_cJeffrey Archer ; [z anglického originálu preložila Dáša Zvončeková]
250 _a[1. vyd.]
260 _aBratislava
_bIkar
_c2005
300 _a463 s.
_c21 cm
700 1 _aZvončeková, Dáša
_d1953-
_4trl
765 0 _tSons of fortune
_aArcher, Jeffrey, 1940-
999 _c8058
_d8058